Statistics for Most Read Books of 2022

Click here to take the quiz!

General Stats

  • This quiz has been taken 11 times
  • The average score is 14 of 50

Answer Stats

AuthorBook% Correct
J.K. RowlingHarry Potter and the Philosopher's Stone
91%
Colleen HooverIt Ends with Us
73%
Taylor Jenkins ReidThe Seven Husbands of Evelyn Hugo
73%
Colleen HooverVerity
73%
Taylor Jenkins ReidDaisy Jones and The Six
55%
Alice OsemanHeartstopper: Volume Four
55%
Alice OsemanHeartstopper: Volume One
55%
Alice OsemanHeartstopper: Volume Three
55%
Alice OsemanHeartstopper: Volume Two
55%
Colleen HooverIt Starts with Us
55%
Sarah J. MassA Court of Thorns and Roses
45%
Colleen HooverNovember 9
45%
Sara J. MaasA Court of Mist and Fury
36%
Jenette McCurdyI'm Glad My Mom Died
36%
Ali HazelwoodThe Love Hypothesis
36%
Madeline MillerThe Song of Achilles
36%
Jenny HanThe Summer I Turned Pretty
36%
Colleen HooverUgly Love
36%
Emily HenryBeach Read
27%
Taylor Jenkins ReidCarrie Soto Is Back
27%
Madeline MillerCirce
27%
Taylor Jenkins ReidMalibu Rising
27%
Emily HenryPeople We Meet on Vacation
27%
Colleen HooverReminders of Him
27%
Jennifer Lynn BarnesThe Inheritance Games
27%
V.E. SchwabThe Invisible Life of Addie LaRue
27%
Emily HenryBook Lovers
18%
Nita ProseThe Maid
18%
Matt HaugThe Midnight Library
18%
Alex MichaelidesThe Silent Patient
18%
Christina LaurenThe Unhoneymooners
18%
Delia OwensWhere the Crawdads Sing
18%
Sarah J. MaasA Court of Silver Flames
9%
Sarah J. MaasA Court of Wings and Ruin
9%
Holly JacksonA Good Girl's Guide to Murder
9%
Sally RooneyBeautiful World, Where Are You
9%
Carley FortuneEvery Summer After
9%
Tessa BaileyIt Happened One Summer
9%
Ali HazelwoodLove on the Brain
9%
Laura DaveThe Last Thing He Told Me
9%
Elena ArmasThe Spanish Love Deception
9%
Fredrik BackmanAnxious People
0%
Michelle ZaunerCrying in H Mart
0%
Tessa BaileyHook, Line, and Sinker
0%
Sarah J. MaasHouse of Sky and Breath
0%
Bonnie GarmusLessons in Chemistry
0%
Andy WeirProject Hail Mary
0%
Lucy FoleyThe Guest List
0%
T.J. KluneThe House in the Cerulean Sea
0%
Lucy FoleyThe Paris Apartment
0%

Score Distribution

Percentile by Number Answered

Percent of People with Each Score

Your Score History

You have not taken this quiz